Online
Catalog

Nada / (Record no. 34028)

MARC details
000 -CABECERA
campo de control de longitud fija 00567nam a2200205 a 4500
001 - NÚMERO DE CONTROL
campo de control 000034537
005 - FECHA Y HORA DE LA ÚLTIMA TRANSACCIÓN
campo de control 20200930073744.0
008 - DATOS DE LONGITUD FIJA--INFORMACIÓN GENERAL
campo de control de longitud fija 111006s1979 sp 000 0 spa d
020 ## - NÚMERO INTERNACIONAL ESTÁNDAR DEL LIBRO
Número Internacional Estándar del Libro 8423307875
040 ## - FUENTE DE LA CATALOGACIÓN
Centro catalogador/agencia de origen DO-SdBNP
Lengua de catalogación spa
Centro/agencia transcriptor BNPHU
082 ## - NÚMERO DE LA CLASIFICACIÓN DECIMAL DEWEY
Número de clasificación xxxx
Número de documento/Ítem L167, 1979
049 ## - FONDOS LOCALES (OCLC)
Fondos de biblioteca BNPD
100 1# - ENTRADA PRINCIPAL--NOMBRE DE PERSONA
Nombre de persona Laforet, Carmen,
Fechas asociadas al nombre 1921-
9 (RLIN) 59973
245 10 - MENCIÓN DE TÍTULO
Título Nada /
Mención de responsabilidad, etc. Carmen Laforet.
250 ## - MENCIÓN DE EDICIÓN
Mención de edición 25a ed.
260 ## - PUBLICACIÓN, DISTRIBUCIÓN, ETC.
Lugar de publicación, distribución, etc. Barcelona :
Nombre del editor, distribuidor, etc. Ediciones Destino,
Fecha de publicación, distribución, etc. 1979.
490 1# - MENCIÓN DE SERIE
Mención de serie Ancora y delfín
Designación de volumen o secuencia 27
586 ## - NOTA DE PREMIOS
Nota de premios Premio Eugenio Nadal 1944.
830 #0 - PUNTO DE ACCESO ADICIONAL DE SERIE-TÍTULO UNIFORME
Título uniforme Ancora y delfín
Designación de volumen o secuencia 27
9 (RLIN) 19431
Holdings
Estado de retiro Estado de pérdida Restricciones de uso No para préstamo Código de colección Localización permanente Ubicación/localización actual Ubicación en estantería Fecha de adquisición Número de inventario Total de préstamos Signatura topográfica completa Código de barras Fecha visto por última vez Precio válido a partir de Tipo de ítem Koha
      Excluido de préstamo Monografías: Libros y Folletos General General En catalogación 06.10.2011 LF1   xxxx L167, 1979 34537-10 25.06.2020 25.06.2020 No se presta

Powered by Koha